000 00917cam a22002417a 4500
003 MX-MxUPN
005 20240509064306.0
008 230925s2000 mx|a|||fr|||| 000 0 spa d
020 _a9701847288
040 _aMX-MxUPN
_bspa
050 4 _aLB2002 A1
_bN35 2000
100 1 _929732
_aNakamura Aburto, Laura
100 1 _950473
_aRodríguez Ocáriz, Alejandra
245 1 0 _aTercer grado : trabajemos algunos contenidos de los programas de estudio
260 _aMéxico, DF..
_bSEP,
_c2000
300 _a113 páginas :
_bilustraciones
490 _aPrograma Nacional para la Actualización Permanente de los Maestros en Educación Básica en Servicio. Talleres Generales de Actualización
500 _a"Primaria".
650 4 _aMaestros en servicio, Formación de
_9390
650 4 _aEducación primaria
_vPlanes y programas
_99146
902 _aLC25092023
_bVíctorGodínez/271023
942 _2lcc
_cLIBRO
999 _c210374
_d210374